000 01818cam a2200361 a 4500
001 14640183
005 20221006162114.0
008 061120s2007 mau b 001 0 eng
010 _a 2006038683
015 _aGBA718671
_2bnb
016 7 _a013689207
_2Uk
020 _a9780674025042 (cl : alk. paper)
020 _a0674025040 (cl : alk. paper)
035 _a(OCoLC)ocm76828773
035 _a(OCoLC)76828773
040 _aDLC
_cDLC
_dYDX
_dBAKER
_dBTCTA
_dUKM
_dMUQ
_dDLC
043 _aa-cc---
050 0 0 _aJQ1510
_b.T48 2007
082 0 0 _a320.951
_222
100 1 _aThornton, Patricia M.
_999379
245 1 0 _aDisciplining the state :
_bvirtue, violence, and state-making in modern China /
_cPatricia M. Thornton.
260 _aCambridge, Mass. :
_bHarvard University Asia Center :
_bDistributed by Harvard University Press,
_c2007.
300 _aix, 247 p. ;
_c247 cm.
440 0 _aHarvard East Asian monographs ;
_v283
_999380
504 _aIncludes bibliographical references (p. [221]-236) and index.
505 0 _aIntroduction -- Virtue and venality in the Qing -- Localist critiques of corruption and virtue -- Political corruption and the nationalist state -- Local communities and political corruption during the Nanjing decade -- Political corruption and the Maoist state -- Local variations in the "big four cleans" -- Conclusion : the moral language of state-making.
650 0 _aPolitical corruption
_zChina
_xHistory.
_999381
651 0 _aChina
_xPolitics and government.
_999382
856 4 1 _3Table of contents only
_uhttp://www.loc.gov/catdir/toc/ecip075/2006038683.html
906 _a7
_bcbc
_corignew
_d1
_eecip
_f20
_gy-gencatlg
942 _2ddc
_cBK
999 _c591553
_d591553